[Event "ITA-chT Final 56th"]
[Site "Darfo Boario Terme"]
[Date "2025.04.12"]
[Round "8.11"]
[White "Paltrinieri, Nicholas"]
[Black "Barp, Alberto"]
[Result "0-1"]
[WhiteElo "2350"]
[BlackElo "2413"]
[PlyCount "134"]
[EventDate "2025.04.07"]
[EventType "team-swiss"]
[EventRounds "9"]
[EventCountry "ITA"]
[SourceTitle "CB16_2025"]
[SourceDate "2025.04.16"]
[SourceVersion "1"]
[SourceVersionDate "2025.04.16"]
[SourceQuality "1"]
[WhiteTeam "Costa Smeralda Arzachess"]
[BlackTeam "Pedone Isolano"]
[WhiteTeamCountry "ITA"]
[BlackTeamCountry "ITA"]

1. e4 e5 2. Nf3 Nc6 3. Bb5 a6 4. Ba4 Nf6 5. 0-0 Be7 6. Re1 b5 7. Bb3 d6 8. c3 0-0 9. h3 Nb8 10. d4 Nbd7 11. Nbd2 Bb7 12. Bc2 Re8 13. Nf1 Bf8 14. Ng3 a5 15. Bg5 h6 16. Bd2 b4 17. cxb4 exd4 18. b5 Nc5 19. Nxd4 Nfxe4 20. Nxe4 Nxe4 21. Bxe4 Bxe4 22. Qg4 d5 23. Nc6 Qd6 24. a4 f5 25. Qh5 d4 26. Nxa5 Re6 27. b3 Rg6 28. Rxe4 fxe4 29. Nc4 Qe6 30. Bf4 e3 31. Qf3 Re8 32. fxe3 dxe3 33. Bxc7 e2 34. Ne5 Bc5+ 35. Kh1 Bd4 36. Re1 Bxe5 37. Rxe2 Rf6 38. Rxe5 Rxf3 39. Rxe6 Rf1+ 40. Kh2 Rxe6 41. b6 Rb1 42. b7 Rxb3 43. b8Q+ Rxb8 44. Bxb8 Ra6 45. Kg3 Rxa4 46. Kf3 Kf7 47. Be5 Kg6 48. Bb2 Rb4 49. Be5 Rb3+ 50. Kf2 Rb7 51. Bd6 Kf5 52. Kf3 Rb3+ 53. Kf2 Ke4 54. Bf8 Rb7 55. Kg3 Rf7 56. Bc5 Rf5 57. Ba3 Ke3 58. Bc1+ Ke2 59. Kg4 Rc5 60. Bf4 Kf2 61. g3 Kg2 62. Bb8 Rc4+ 63. Kh5 Kxh3 64. Bf4 Rc3 65. g4 Rc4 66. Be5 Rxg4 67. Bg3 Rg5# 0-1

[Event "ITA-chT Final 56th"]
[Site "Darfo Boario Terme"]
[Date "2025.04.08"]
[Round "3.19"]
[White "Botta, Massimiliano"]
[Black "Paltrinieri, Nicholas"]
[Result "1/2-1/2"]
[WhiteElo "2230"]
[BlackElo "2350"]
[PlyCount "93"]
[EventDate "2025.04.07"]
[EventType "team-swiss"]
[EventRounds "9"]
[EventCountry "ITA"]
[SourceTitle "CB16_2025"]
[SourceDate "2025.04.16"]
[SourceVersion "1"]
[SourceVersionDate "2025.04.16"]
[SourceQuality "1"]
[WhiteTeam "Milan Accademia"]
[BlackTeam "Costa Smeralda Arzachess"]
[WhiteTeamCountry "ITA"]
[BlackTeamCountry "ITA"]

1. e4 e5 2. Nf3 Nc6 3. Bc4 g6 4. 0-0 Bg7 5. a4 Nf6 6. d3 0-0 7. a5 a6 8. c3 d5 9. exd5 Nxd5 10. Nbd2 b5 11. axb6 Nxb6 12. Re1 Re8 13. Ne4 Nxc4 14. dxc4 Qxd1 15. Rxd1 h6 16. Nc5 a5 17. Nd2 Bf8 18. Nce4 Kg7 19. Nf1 f5 20. Ned2 Be6 21. b3 Red8 22. Ba3 Rd3 23. Rdc1 Rb8 24. Bxf8+ Kxf8 25. f3 Kf7 26. Kf2 g5 27. Ke2 Rdd8 28. Ne3 h5 29. h3 Kg6 30. Ra3 Rd7 31. Nd1 Rbd8 32. Rc2 f4 33. Nf2 Bf5 34. Nde4 g4 35. hxg4 hxg4 36. fxg4 Bxe4 37. Nxe4 Rd3 38. Kf2 Rd1 39. b4 Rh8 40. Rd2 Rc1 41. Raa2 Rhh1 42. Kf3 Rhf1+ 43. Rf2 Rfe1 44. Rfe2 Rf1+ 45. Rf2 Rfe1 46. Rfe2 Rf1+ 47. Rf2 1/2-1/2

[Event "Titled Tuesday intern op 07th Jan Early"]
[Site "Chess.com INT"]
[Date "2025.01.07"]
[Round "8"]
[White "Paltrinieri, Nicholas"]
[Black "Hernandez Izquierdo, Jose A"]
[Result "0-1"]
[WhiteElo "2340"]
[BlackElo "2241"]
[PlyCount "30"]
[EventDate "2025.01.07"]
[EventType "swiss (blitz)"]
[EventRounds "11"]
[EventCountry "USA"]
[SourceTitle "CB03_2025"]
[SourceDate "2025.01.15"]
[SourceVersion "1"]
[SourceVersionDate "2025.01.15"]
[SourceQuality "1"]

1. d4 f5 2. Nc3 Nf6 3. Bg5 d5 4. Bxf6 exf6 5. e3 Be6 6. Bd3 Qd7 7. Qf3 Nc6 8. Nge2 g5 9. h3 0-0-0 10. a3 h5 11. 0-0-0 h4 12. Kb1 g4 13. hxg4 fxg4 14. Qxf6 Be7 15. Qg5 Bxg5 0-1

[Event "Abu Dhabi op-A 30th"]
[Site "Abu Dhabi"]
[Date "2024.08.23"]
[Round "8"]
[White "Sandipan, Chanda"]
[Black "Paltrinieri, Nicholas"]
[Result "1-0"]
[WhiteElo "2488"]
[BlackElo "2338"]
[PlyCount "113"]
[EventDate "2024.08.15"]
[EventType "swiss"]
[EventRounds "9"]
[EventCountry "UAE"]
[SourceTitle "EXT 2025"]
[Source "ChessBase"]
[SourceDate "2024.10.14"]
[SourceVersion "1"]
[SourceVersionDate "2024.10.14"]
[SourceQuality "1"]

1. e4 e6 2. d4 d5 3. e5 c5 4. c3 Nc6 5. Nf3 Qb6 6. a3 c4 7. Nbd2 Na5 8. g3 Bd7 9. Bg2 Ne7 10. 0-0 h6 11. Re1 Qc7 12. Rb1 0-0-0 13. Nf1 Nb3 14. h4 Ba4 15. Qe2 Nc6 16. Be3 b5 17. N3d2 Be7 18. Nxb3 Bxb3 19. f4 h5 20. f5 exf5 21. Bf4 g5 22. hxg5 h4 23. Ne3 hxg3 24. Nxd5 Rxd5 25. Bxd5 Nd8 26. Qf3 Ne6 27. Bxe6+ fxe6 28. Qa8+ Qb8 29. Qc6+ Kd8 30. g6 Qc8 31. Qxc8+ Kxc8 32. Re3 g2 33. g7 Rg8 34. Bh6 Bc2 35. Rc1 Bd3 36. Kxg2 f4 37. Rf3 Bg5 38. Bxg5 Rxg7 39. Rxf4 Rxg5+ 40. Kf2 Bf5 41. Rg1 Rh5 42. Rg7 a5 43. Ke3 b4 44. axb4 axb4 45. cxb4 Rh3+ 46. Rf3 Rh2 47. d5 Rxb2 48. dxe6 Rb3+ 49. Kf4 Bxe6 50. Rxb3 cxb3 51. Rg2 Kc7 52. Ke4 Kc6 53. Kd4 Kb5 54. Kc3 Ka4 55. Rg6 Bc8 56. Rc6 Bb7 57. Rc5 1-0

[Event "Abu Dhabi op-A 30th"]
[Site "Abu Dhabi"]
[Date "2024.08.19"]
[Round "4"]
[White "Panesar, Vedant"]
[Black "Paltrinieri, Nicholas"]
[Result "0-1"]
[WhiteElo "2436"]
[BlackElo "2338"]
[PlyCount "60"]
[EventDate "2024.08.15"]
[EventType "swiss"]
[EventRounds "9"]
[EventCountry "UAE"]
[SourceTitle "EXT 2025"]
[Source "ChessBase"]
[SourceDate "2024.10.14"]
[SourceVersion "1"]
[SourceVersionDate "2024.10.14"]
[SourceQuality "1"]

1. e4 c5 2. Nf3 e6 3. d4 cxd4 4. Nxd4 a6 5. a3 Qc7 6. c4 Nf6 7. Nc3 Nxe4 8. Nxe4 Qe5 9. Bd3 Qxd4 10. 0-0 f5 11. Nc3 Nc6 12. Be3 Qf6 13. c5 Be7 14. Na4 Rb8 15. Bc4 f4 16. Bd2 0-0 17. Re1 b5 18. cxb6 d5 19. Ba2 f3 20. g3 Qf5 21. Re3 Ne5 22. Bb4 Bxb4 23. axb4 d4 24. Ra3 Bd7 25. Bb1 Qg4 26. Nc5 Bb5 27. Nd3 Nc4 28. Rb3 Rxb6 29. Ne1 Ne5 30. Raa3 Be2 0-1

[Event "Abu Dhabi op-A 30th"]
[Site "Abu Dhabi"]
[Date "2024.08.15"]
[Round "1"]
[White "Paltrinieri, Nicholas"]
[Black "Srihari, LR."]
[Result "0-1"]
[WhiteElo "2338"]
[BlackElo "2500"]
[PlyCount "100"]
[EventDate "2024.08.15"]
[EventType "swiss"]
[EventRounds "9"]
[EventCountry "UAE"]
[SourceTitle "EXT 2025"]
[Source "ChessBase"]
[SourceDate "2024.10.14"]
[SourceVersion "1"]
[SourceVersionDate "2024.10.14"]
[SourceQuality "1"]

1. e4 d6 2. Nc3 Nf6 3. d4 e5 4. Nf3 Nbd7 5. Bc4 Be7 6. 0-0 0-0 7. Re1 c6 8. a4 h6 9. h3 Re8 10. b3 Qa5 11. Bd2 Qc7 12. a5 Rb8 13. Bf1 b5 14. axb6 axb6 15. b4 Bb7 16. Qb1 b5 17. Qb3 Ra8 18. Rad1 Nb6 19. d5 cxd5 20. Nxb5 Qd7 21. exd5 Bxd5 22. Qb1 Nc4 23. Nc3 Bxf3 24. gxf3 Nxd2 25. Rxd2 Qf5 26. Bg2 Rac8 27. Qb3 Nh5 28. Nd5 Bg5 29. Rd3 Re6 30. Rc3 Rb8 31. Rc4 Nf4 32. Rxf4 exf4 33. Re4 Rxe4 34. fxe4 Qe5 35. b5 Bd8 36. c3 Bb6 37. Qa4 f3 38. Bxf3 Qg3+ 39. Bg2 Bxf2+ 40. Kh1 Qd3 41. Qa1 Rxb5 42. Nb4 Qd2 43. Qf1 Qe1 44. Kh2 Bg3+ 45. Kh1 Ra5 46. Qxe1 Bxe1 47. Nd5 Rc5 48. Ne7+ Kf8 49. Nf5 Bxc3 50. Nxd6 Be5 0-1

[Event "ITA-ch sf 83rd"]
[Site "Parma"]
[Date "2024.07.28"]
[Round "9"]
[White "Paltrinieri, Nicholas"]
[Black "Floris, Federico"]
[Result "1-0"]
[WhiteElo "2352"]
[BlackElo "2145"]
[PlyCount "145"]
[EventDate "2024.07.21"]
[EventType "swiss"]
[EventRounds "9"]
[EventCountry "ITA"]
[SourceTitle "CBM 221 Extra"]
[Source "ChessBase"]
[SourceDate "2024.09.30"]
[SourceVersion "1"]
[SourceVersionDate "2024.09.30"]
[SourceQuality "1"]

1. e4 e5 2. Nf3 Nc6 3. Nc3 Nf6 4. d4 exd4 5. Nd5 Nb4 6. Nxf6+ Qxf6 7. Bc4 Bc5 8. 0-0 0-0 9. e5 Qb6 10. a3 Nc6 11. b4 Be7 12. c3 d5 13. Bxd5 Bg4 14. Bxc6 Qxc6 15. Nxd4 Qg6 16. f3 Bd7 17. f4 c5 18. f5 Qb6 19. f6 cxd4 20. fxe7 Rfe8 21. cxd4 Rxe7 22. Bg5 Ree8 23. Kh1 Qg6 24. Bh4 Qe4 25. Qh5 Be6 26. Rad1 Bd5 27. Rd2 Rac8 28. Re1 Qg6 29. Qxg6 hxg6 30. Kg1 Rc3 31. Kf2 Rec8 32. Re3 Kf8 33. Rg3 Rxg3 34. Kxg3 Ke8 35. Rd3 Kd7 36. Kf4 Ke6 37. g4 Rc2 38. Bg3 b5 39. h4 Rc1 40. Bf2 Rc2 41. Be3 a6 42. Bg1 Rg2 43. Rd1 Rc2 44. Be3 Rc3 45. Ra1 Bb3 46. Re1 Bd5 47. h5 gxh5 48. gxh5 Rc2 49. Rg1 Rg2 50. Rc1 Rh2 51. Rc7 Rxh5 52. Ra7 Rh3 53. Rxa6+ Ke7 54. Rd6 Rf3+ 55. Kg4 Rxe3 56. Rxd5 Rxa3 57. Kf4 Ra1 58. Rxb5 f6 59. Rb7+ Ke6 60. Rxg7 fxe5+ 61. dxe5 Rf1+ 62. Ke4 Re1+ 63. Kd4 Rd1+ 64. Kc5 Rc1+ 65. Kb6 Kxe5 66. Rd7 Ke6 67. Rd2 Rc8 68. b5 Rc1 69. Kb7 Ke7 70. b6 Ra1 71. Kb8 Rc1 72. b7 Rc3 73. Ra2 1-0

[Event "ITA-ch sf 83rd"]
[Site "Parma"]
[Date "2024.07.25"]
[Round "6"]
[White "Giordani, Luca"]
[Black "Paltrinieri, Nicholas"]
[Result "0-1"]
[WhiteElo "2035"]
[BlackElo "2352"]
[PlyCount "56"]
[EventDate "2024.07.21"]
[EventType "swiss"]
[EventRounds "9"]
[EventCountry "ITA"]
[SourceTitle "CBM 221 Extra"]
[Source "ChessBase"]
[SourceDate "2024.09.30"]
[SourceVersion "1"]
[SourceVersionDate "2024.09.30"]
[SourceQuality "1"]

1. e4 c5 2. Nf3 e6 3. d4 cxd4 4. Nxd4 a6 5. Bd3 Ne7 6. 0-0 g6 7. Qe2 Bg7 8. c3 0-0 9. a4 Nbc6 10. Nxc6 bxc6 11. Be3 Qc7 12. f4 c5 13. Nd2 Bb7 14. Qf2 Rac8 15. Rac1 d5 16. b4 cxb4 17. cxb4 Qxc1 18. Rxc1 Rxc1+ 19. Nf1 Ra1 20. Bc5 dxe4 21. Bxe7 Re8 22. Bxa6 Bxa6 23. b5 Rxa4 24. bxa6 Bd4 25. Qxd4 Rxd4 26. Bc5 Ra4 27. Nd2 Rd8 28. Be3 f5 0-1

[Event "ITA-ch sf 83rd"]
[Site "Parma"]
[Date "2024.07.24"]
[Round "5"]
[White "Paltrinieri, Nicholas"]
[Black "Costantino, Claudio Emanuele"]
[Result "1/2-1/2"]
[WhiteElo "2352"]
[BlackElo "2067"]
[PlyCount "65"]
[EventDate "2024.07.21"]
[EventType "swiss"]
[EventRounds "9"]
[EventCountry "ITA"]
[SourceTitle "CBM 221 Extra"]
[Source "ChessBase"]
[SourceDate "2024.09.30"]
[SourceVersion "1"]
[SourceVersionDate "2024.09.30"]
[SourceQuality "1"]

1. e4 c5 2. Nf3 e6 3. d4 cxd4 4. Nxd4 Nf6 5. Nd2 Nc6 6. Nxc6 dxc6 7. e5 Nd5 8. Ne4 Qc7 9. f4 b5 10. Bd3 Qb6 11. Qe2 Bd7 12. Bd2 Be7 13. h4 c5 14. c3 c4 15. Bc2 h6 16. a3 Rd8 17. h5 Bc6 18. g4 Rd7 19. g5 Bc5 20. 0-0-0 Be3 21. Rhf1 Bxd2+ 22. Rxd2 Qe3 23. Nd6+ Ke7 24. Qh2 Nxc3 25. bxc3 Qxc3 26. Qe2 Qxa3+ 27. Kb1 Qb4+ 28. Ka2 c3 29. Bb3 cxd2 30. f5 Bd5 31. Bxd5 Qa4+ 32. Kb1 exd5 33. Qxd2 1/2-1/2

[Event "ITA-chT GpA 55th"]
[Site "Vasto"]
[Date "2024.04.09"]
[Round "2.23"]
[White "Paltrinieri, Nicholas"]
[Black "Borgo, Giulio"]
[Result "0-1"]
[WhiteElo "2355"]
[BlackElo "2309"]
[PlyCount "56"]
[EventDate "2024.04.08"]
[EventType "team-tourn"]
[EventRounds "7"]
[EventCountry "ITA"]
[SourceTitle "CBM 219 Extra"]
[Source "ChessBase"]
[SourceDate "2024.05.31"]
[SourceVersion "1"]
[SourceVersionDate "2024.05.31"]
[SourceQuality "1"]
[WhiteTeam "Costa Smeralda"]
[BlackTeam "Cerianese Scacchistica"]
[WhiteTeamCountry "ITA"]
[BlackTeamCountry "ITA"]

1. e4 c5 2. Nf3 e6 3. c3 Nf6 4. Bd3 d5 5. e5 Nfd7 6. Bc2 Nc6 7. d4 Be7 8. 0-0 b5 9. a3 a5 10. Re1 Rb8 11. Nbd2 cxd4 12. cxd4 Qb6 13. Nf1 b4 14. Ng3 Ba6 15. h4 h6 16. Nh5 g6 17. Nf4 g5 18. Nh5 g4 19. Nh2 b3 20. Bxb3 Qxb3 21. Qxg4 Qd3 22. Qg7 Qh7 23. Ng4 Qxg7 24. Nxg7+ Kf8 25. Bxh6 Rxh6 26. Nxh6 Kxg7 27. Ng4 Nxd4 28. Rab1 Be2 0-1

[Event "Karlsruhe Grenke op"]
[Site "Karlsruhe"]
[Date "2024.04.01"]
[Round "9"]
[White "Paltrinieri, Nicholas"]
[Black "Papp, Gabor"]
[Result "0-1"]
[WhiteElo "2355"]
[BlackElo "2558"]
[PlyCount "110"]
[EventDate "2024.03.28"]
[EventType "swiss"]
[EventRounds "9"]
[EventCountry "GER"]
[SourceTitle "CBM 219 Extra"]
[Source "ChessBase"]
[SourceDate "2024.05.31"]
[SourceVersion "1"]
[SourceVersionDate "2024.05.31"]
[SourceQuality "1"]

1. d4 g6 2. c4 Nf6 3. Nc3 Bg7 4. e4 d6 5. Be2 0-0 6. Be3 e5 7. d5 a5 8. g4 Na6 9. h4 Nc5 10. f3 h5 11. g5 Ne8 12. Qd2 Bd7 13. Rh2 c6 14. Rd1 cxd5 15. Nxd5 Ne6 16. Bb6 Qb8 17. Rf2 Kh7 18. Bf1 f6 19. Bh3 fxg5 20. hxg5 Rf7 21. Kf1 a4 22. Kg2 Ra6 23. Ne2 Qc8 24. Bxe6 Bxe6 25. Nec3 Qxc4 26. Rc1 Qc6 27. Qe3 Qd7 28. Rfc2 Bf8 29. Nb4 Rxb6 30. Qxb6 Be7 31. Rh1 Bxg5 32. Ncd5 Bd8 33. Qf2 Ng7 34. Qg3 g5 35. Ne3 h4 36. Nbd5 Nh5 37. Qe1 h3+ 38. Kh2 Rxf3 39. Rf1 Rxf1 40. Qxf1 g4 41. Qf8 g3+ 42. Kh1 Qf7 43. Qxd8 Qf3+ 44. Kg1 h2+ 45. Rxh2 gxh2+ 46. Kxh2 Bxd5 47. Qe7+ Bf7 48. Nf5 Qf2+ 49. Kh1 Qe1+ 50. Kh2 Qd2+ 51. Kh3 Nf4+ 52. Kg4 Qe2+ 53. Kg5 Qh5+ 54. Kf6 Nd5+ 55. exd5 Qg6# 0-1

[Event "Karlsruhe Grenke op"]
[Site "Karlsruhe"]
[Date "2024.03.31"]
[Round "7"]
[White "Paltrinieri, Nicholas"]
[Black "Pipiras, Filipa Fortuna"]
[Result "1/2-1/2"]
[WhiteElo "2355"]
[BlackElo "2207"]
[PlyCount "97"]
[EventDate "2024.03.28"]
[EventType "swiss"]
[EventRounds "9"]
[EventCountry "GER"]
[SourceTitle "EXT 2025"]
[Source "ChessBase"]
[SourceDate "2024.10.14"]
[SourceVersion "1"]
[SourceVersionDate "2024.10.14"]
[SourceQuality "1"]

1. d4 d5 2. Bf4 Nf6 3. Nc3 a6 4. e3 e6 5. Nf3 c5 6. Be2 Bd6 7. 0-0 0-0 8. Rc1 b6 9. Bxd6 Qxd6 10. dxc5 bxc5 11. Na4 Bb7 12. c4 Nbd7 13. cxd5 exd5 14. Qb3 Bc6 15. Nxc5 Nxc5 16. Qc2 Rfb8 17. Qxc5 Qxc5 18. Rxc5 Rxb2 19. Nd4 Bb5 20. Rfc1 g6 21. R5c2 Rxc2 22. Rxc2 Bxe2 23. Nxe2 Rb8 24. f3 a5 25. Kf2 a4 26. Rc6 Nd7 27. Rd6 Nb6 28. g4 a3 29. Nc3 Rc8 30. Nxd5 Rc2+ 31. Kg3 Nxd5 32. Rxd5 Rxa2 33. Ra5 Ra1 34. e4 Rg1+ 35. Kf4 Rh1 36. Kg3 Rg1+ 37. Kh3 Ra1 38. Ra7 Kg7 39. e5 Re1 40. f4 g5 41. fxg5 Rxe5 42. Rxa3 Rxg5 43. Kh4 Rb5 44. Kg3 h5 45. Ra4 Rb3+ 46. Kh4 hxg4 47. Rxg4+ Kh6 48. Ra4 Rb6 49. Kg4 1/2-1/2

[Event "Hoogeveen op 26th"]
[Site "Hoogeveen"]
[Date "2023.10.25"]
[Round "5"]
[White "Paltrinieri, Nicholas"]
[Black "Van Foreest, Machteld"]
[Result "0-1"]
[WhiteElo "2344"]
[BlackElo "2266"]
[PlyCount "68"]
[EventDate "2023.10.21"]
[EventType "swiss"]
[EventRounds "9"]
[EventCountry "NED"]
[SourceTitle "CBM 216 Extra"]
[Source "ChessBase"]
[SourceDate "2023.11.30"]
[SourceVersion "1"]
[SourceVersionDate "2023.11.30"]
[SourceQuality "1"]

1. f4 d5 2. b3 Nf6 3. Bb2 c5 4. Nf3 Nc6 5. e3 g6 6. g3 Bg7 7. Bg2 0-0 8. 0-0 Qc7 9. Qe2 Be6 10. d3 Rad8 11. Nbd2 Nb4 12. a3 Nc6 13. Rfe1 b5 14. Ne5 Nxe5 15. Bxe5 Qb6 16. h3 Rc8 17. Nf3 Rfd8 18. b4 Ne8 19. Bxg7 Nxg7 20. g4 f6 21. Reb1 Bf7 22. Rb2 d4 23. Kh1 dxe3 24. Qxe3 c4 25. d4 c3 26. Rbb1 Ne6 27. Rd1 Qd6 28. f5 gxf5 29. gxf5 Nf4 30. Rg1 Kh8 31. Rae1 Nh5 32. Qxe7 Ng3+ 33. Kh2 Nf1+ 34. Kh1 Qh2+ 0-1

[Event "Hoogeveen op 26th"]
[Site "Hoogeveen"]
[Date "2023.10.24"]
[Round "4"]
[White "De Winter, Arthur"]
[Black "Paltrinieri, Nicholas"]
[Result "1-0"]
[WhiteElo "2397"]
[BlackElo "2344"]
[PlyCount "103"]
[EventDate "2023.10.21"]
[EventType "swiss"]
[EventRounds "9"]
[EventCountry "NED"]
[SourceTitle "CBM 216 Extra"]
[Source "ChessBase"]
[SourceDate "2023.11.30"]
[SourceVersion "1"]
[SourceVersionDate "2023.11.30"]
[SourceQuality "1"]

1. e4 e6 2. d4 d5 3. Nc3 Bb4 4. e5 Ne7 5. a3 Bxc3+ 6. bxc3 c5 7. h4 Qc7 8. h5 h6 9. Rb1 b6 10. Qg4 Rg8 11. Bd3 Nf5 12. Nf3 Nc6 13. Qf4 Nfe7 14. a4 Bd7 15. Ba3 f6 16. Qg3 fxe5 17. dxc5 Kd8 18. cxb6 axb6 19. Bh7 Nf5 20. Qg4 Re8 21. Nh4 Nce7 22. 0-0 Rxa4 23. Bb4 Bc6 24. Nxf5 Nxf5 25. Bg6 Rf8 26. c4 Rf6 27. cxd5 Bxd5 28. Be7+ Nxe7 29. Qxa4 Nxg6 30. hxg6 Rxg6 31. Qh4+ Kd7 32. g3 Qc3 33. Qa4+ Kd8 34. Qh4+ Ke8 35. Qh5 Kf8 36. Rxb6 Rg5 37. Rb8+ Ke7 38. Re8+ Kd6 39. Qh4 Kd7 40. Rg8 Qa3 41. Rd1 Kc7 42. Rxd5 exd5 43. Qh3 Qa6 44. Re8 Rg6 45. Qf5 Qa1+ 46. Kg2 Rc6 47. Qf7+ Kb6 48. Qe7 Kb5 49. Rb8+ Rb6 50. Qd7+ Kc5 51. Rc8+ Kb4 52. Qe7+ 1-0

[Event "Hoogeveen op 26th"]
[Site "Hoogeveen"]
[Date "2023.10.23"]
[Round "3"]
[White "Paltrinieri, Nicholas"]
[Black "Zwirs, Nico"]
[Result "1/2-1/2"]
[WhiteElo "2344"]
[BlackElo "2451"]
[PlyCount "80"]
[EventDate "2023.10.21"]
[EventType "swiss"]
[EventRounds "9"]
[EventCountry "NED"]
[SourceTitle "CBM 216 Extra"]
[Source "ChessBase"]
[SourceDate "2023.11.30"]
[SourceVersion "1"]
[SourceVersionDate "2023.11.30"]
[SourceQuality "1"]

1. e4 c5 2. Nf3 d6 3. d4 cxd4 4. Qxd4 Nf6 5. Bg5 Nc6 6. Bb5 Qa5+ 7. Nc3 Qxb5 8. Nxb5 Nxd4 9. Nfxd4 Nxe4 10. Nc7+ Kd8 11. Nxa8 Nxg5 12. Nb5 a6 13. Nc3 Bf5 14. 0-0-0 Ne4 15. Nxe4 Bxe4 16. f3 Bc6 17. Nb6 e6 18. Nc4 Kc7 19. Rhe1 Be7 20. Kb1 Rd8 21. Re3 Bf6 22. Na5 Be8 23. Rb3 b6 24. Nc4 b5 25. Ne3 h5 26. Ra3 Kb6 27. f4 d5 28. Rad3 Bc6 29. c3 d4 30. Rxd4 Bxd4 31. Rxd4 Re8 32. Kc2 e5 33. fxe5 Rxe5 34. Kd2 g5 35. g3 Kc7 36. c4 bxc4 37. Rxc4 Kd6 38. b4 Bb5 39. Rd4+ Kc6 40. a3 f6 1/2-1/2

[Event "Titled Tuesday intern op 17th Oct Early"]
[Site "Chess.com INT"]
[Date "2023.10.17"]
[Round "5"]
[White "Ibarra Jerez, Jose Carlos"]
[Black "Paltrinieri, Nicholas"]
[Result "1-0"]
[WhiteElo "2567"]
[BlackElo "2344"]
[PlyCount "57"]
[EventDate "2023.10.17"]
[EventType "swiss (blitz)"]
[EventRounds "11"]
[EventCountry "USA"]
[SourceTitle "EXT 2025"]
[Source "ChessBase"]
[SourceDate "2024.10.14"]
[SourceVersion "1"]
[SourceVersionDate "2024.10.14"]
[SourceQuality "1"]

1. Nf3 g6 2. e4 Bg7 3. d4 d6 4. Bc4 a6 5. 0-0 e6 6. Bb3 Ne7 7. c3 b6 8. Bf4 Bb7 9. Nbd2 h6 10. h4 Nd7 11. Re1 e5 12. Bg3 0-0 13. a4 Kh7 14. h5 gxh5 15. Nh4 Nf6 16. dxe5 dxe5 17. Bxe5 Ng6 18. Bg3 Ng4 19. Nf5 Bh8 20. Nf3 N6e5 21. Nxe5 Bxe5 22. Bxe5 Qxd1 23. Raxd1 Nxe5 24. f4 Ng6 25. Rd7 Nxf4 26. Bxf7 Kh8 27. Rxc7 Rab8 28. Nxh6 Nd3 29. Bg6 1-0

[Event "Titled Tuesday intern op 10th Oct Early"]
[Site "Chess.com INT"]
[Date "2023.10.10"]
[Round "7"]
[White "Paltrinieri, Nicholas"]
[Black "Krallis, Christos"]
[Result "0-1"]
[WhiteElo "2344"]
[BlackElo "2339"]
[PlyCount "100"]
[EventDate "2023.10.10"]
[EventType "swiss (blitz)"]
[EventRounds "11"]
[EventCountry "USA"]
[SourceTitle "EXT 2025"]
[Source "ChessBase"]
[SourceDate "2024.10.14"]
[SourceVersion "1"]
[SourceVersionDate "2024.10.14"]
[SourceQuality "1"]

1. d4 d5 2. Bf4 g6 3. e3 Bg7 4. Nc3 Nf6 5. h4 h5 6. Be2 c5 7. Nb5 Na6 8. Nf3 0-0 9. c3 Bd7 10. a4 cxd4 11. exd4 Ne4 12. Nd2 Bf5 13. f3 Nxd2 14. Qxd2 Qd7 15. 0-0-0 Rfc8 16. g4 hxg4 17. h5 Nb4 18. Qe3 a6 19. fxg4 Be4 20. hxg6 Bxg6 21. Bh6 Qe6 22. Qxe6 fxe6 23. Na3 Nc6 24. Bxg7 Kxg7 25. Nc2 Na5 26. Rde1 Nb3+ 27. Kd1 b5 28. a5 b4 29. Nxb4 Rab8 30. Bxa6 Rc7 31. Bd3 Rxb4 32. Bxg6 Ra4 33. Bd3 e5 34. Rh7+ Kg8 35. Rxe5 Ra1+ 36. Ke2 Nc1+ 37. Kd2 Nxd3 38. Reh5 Nxb2 39. Rh8+ Kf7 40. g5 Nc4+ 41. Ke2 Ra2+ 42. Kf3 Ke6 43. g6 Nd2+ 44. Ke3 Rxc3+ 45. Kf4 Rf3+ 46. Kg4 Rf1 47. Re5+ Kd6 48. Rd8+ Kc7 49. Rdxd5 Rg1+ 50. Kh5 Nf3 0-1

[Event "Titled Tuesday intern op 10th Oct Early"]
[Site "Chess.com INT"]
[Date "2023.10.10"]
[Round "4"]
[White "Zakoscielna, Kinga"]
[Black "Paltrinieri, Nicholas"]
[Result "0-1"]
[WhiteElo "2111"]
[BlackElo "2344"]
[PlyCount "82"]
[EventDate "2023.10.10"]
[EventType "swiss (blitz)"]
[EventRounds "11"]
[EventCountry "USA"]
[SourceTitle "EXT 2025"]
[Source "ChessBase"]
[SourceDate "2024.10.14"]
[SourceVersion "1"]
[SourceVersionDate "2024.10.14"]
[SourceQuality "1"]

1. e4 e6 2. d4 d5 3. Nd2 dxe4 4. Nxe4 Bd7 5. Nf3 Bc6 6. Bd3 Nd7 7. c3 Ngf6 8. Qc2 Be7 9. Bf4 Bxe4 10. Bxe4 c6 11. Bd3 a5 12. 0-0-0 a4 13. a3 Qa5 14. Ne5 Nxe5 15. Bxe5 0-0-0 16. Kb1 Rd7 17. Rhe1 g6 18. g4 Rhd8 19. h3 Nd5 20. c4 Nc7 21. Be4 Kb8 22. Rd3 f6 23. Bxc7+ Qxc7 24. Red1 Qa5 25. f4 f5 26. Bf3 Bf6 27. d5 exd5 28. cxd5 fxg4 29. hxg4 cxd5 30. g5 Bg7 31. Qg2 d4 32. Rc1 Rc7 33. Rxc7 Qxc7 34. Rd1 Rc8 35. Ka1 Qb6 36. Bg4 Rc7 37. Qd5 Rc2 38. Rb1 Ka7 39. Qd7 Rc7 40. Qxa4+ Kb8 41. Qe8+ Ka7 0-1

[Event "ITA-chT GpB playoff 54th"]
[Site "Bacoli"]
[Date "2023.04.30"]
[Round "1"]
[White "Paltrinieri, Nicholas"]
[Black "Motola, Jacopo"]
[Result "1-0"]
[WhiteElo "2325"]
[BlackElo "2218"]
[PlyCount "41"]
[EventDate "2023.04.30"]
[EventType "team-tourn"]
[EventRounds "4"]
[EventCountry "ITA"]
[SourceTitle "CBM 213 Extra"]
[Source "ChessBase"]
[SourceDate "2023.05.31"]
[SourceVersion "1"]
[SourceVersionDate "2023.05.31"]
[SourceQuality "1"]
[WhiteTeam "Carrera Don Pietro"]
[BlackTeam "Etna Scacchi"]
[WhiteTeamCountry "ITA"]
[BlackTeamCountry "ITA"]

1. e4 c5 2. Nc3 Nc6 3. f4 g6 4. Nf3 Bg7 5. a3 e6 6. b4 d6 7. bxc5 dxc5 8. e5 Nh6 9. Ne4 0-0 10. Bb2 Nf5 11. g4 Nfd4 12. g5 Nxf3+ 13. Qxf3 Nd4 14. Bxd4 cxd4 15. Qh3 Bd7 16. Rg1 Kh8 17. Rg4 Bc6 18. Nf6 Bxf6 19. gxf6 Qd5 20. Qh6 Qe4+ 21. Be2 1-0

[Event "ITA-chT GpA 54th"]
[Site "Bacoli"]
[Date "2023.04.27"]
[Round "4"]
[White "Dvirnyy, Danyyil"]
[Black "Paltrinieri, Nicholas"]
[Result "1-0"]
[WhiteElo "2541"]
[BlackElo "2325"]
[PlyCount "51"]
[EventDate "2023.04.25"]
[EventType "team-tourn"]
[EventRounds "7"]
[EventCountry "ITA"]
[SourceTitle "CBM 213 Extra"]
[Source "ChessBase"]
[SourceDate "2023.05.31"]
[SourceVersion "1"]
[SourceVersionDate "2023.05.31"]
[SourceQuality "1"]
[WhiteTeam "Padova Obiettivo"]
[BlackTeam "Carrera Don Pietro"]
[WhiteTeamCountry "ITA"]
[BlackTeamCountry "ITA"]

1. e4 g6 2. d4 Bg7 3. Nc3 d6 4. Be3 a6 5. Qd2 Nd7 6. h4 h5 7. 0-0-0 b5 8. Nh3 Bb7 9. Ng5 Rc8 10. e5 e6 11. d5 Nxe5 12. dxe6 fxe6 13. Nxe6 Qd7 14. Nxg7+ Qxg7 15. Nd5 Nf6 16. Nxf6+ Qxf6 17. Bg5 Qf7 18. f4 Ng4 19. Re1+ Kf8 20. Bd3 Re8 21. Rxe8+ Kxe8 22. Re1+ Kd7 23. Re7+ Qxe7 24. Bxe7 Kxe7 25. Qc3 Rc8 26. Qg7+ 1-0